| 000 | 00814nam a2200133Ia 4500 | ||
|---|---|---|---|
| 008 | 171212s9999 xx 000 0 und d | ||
| 020 | _a9780833083821 | ||
| 100 | _aFarmer, Carrie M.;Vaughan, Christine Anne;Garnett, Jeffrey;Weinick, Robin M. | ||
| 245 |
_cFarmer, Carrie M.;Vaughan, Christine Anne;Garnett, Jeffrey;Weinick, Robin M. _aPre-Deployment Stress, Mental Health, and Help-Seeking Behaviors Among Marines |
||
| 260 |
_bRAND Corporation _c2014 |
||
| 650 | _aHealth Sciences | ||
| 650 | _aPsychology, Military; United States. Marine Corps -- Mental health services; Marines -- Mental health services -- United States; Marines -- United States -- Psychology; Soldiers -- Mental health -- United States; Post-traumatic stress disorder -- United S | ||
| 856 | _uhttp://www.jstor.org/stable/10.7249/j.ctt1287mbb | ||
| 999 |
_c352419 _d352419 |
||